International Business Strategy (Record no. 3321)
[ view plain ]
| 000 -LEADER | |
|---|---|
| fixed length control field | 01395cam a22001934a 4500 |
| 005 - ΗΜΕΡΟΜΗΝΙΑ ΚΑΙ ΩΡΑ ΤΕΛΕΥΤΑΙΑΣ ΕΝΗΜΕΡΩΣΗΣ | |
| Πεδίο ελέγχου | 20250605164112.0 |
| 008 - FIXED-LENGTH DATA ELEMENTS--GENERAL INFORMATION | |
| Πεδίο ελέγχου σταθερού μήκους | 250528s ||||||||||||||||||||||||d |
| 035 ## - SYSTEM CONTROL NUMBER | |
| System control number | 17922 |
| 020 ## - ISBN | |
| ISBN | 750606452 |
| 040 ## - ΠΗΓΗ ΚΑΤΑΛΟΓΟΓΡΑΦΗΣΗΣ | |
| Φορέας πρωτότυπης καταλογογράφησης | MC Athens Campus Library |
| Γλώσσα καταλογογράφησης | Ελληνικά, Μοντέρνα (1453-) |
| Modifying agency | MC Athens Campus Library |
| Κανόνες περιγραφικής καταλογογράφησης | AACR2 |
| 245 1# - ΤΙΤΛΟΣ ΚΑΙ ΔΗΛΩΣΗ ΥΠΕΥΘΥΝΟΤΗΤΑΣ | |
| Τίτλος | International Business Strategy |
| 260 ## - PUBLICATION, DISTRIBUTION, ETC. | |
| Name of publisher, distributor, etc. | Butterworth Heinemann, |
| Date of publication, distribution, etc. | 1994 |
| 300 ## - PHYSICAL DESCRIPTION | |
| Extent | 212 |
| 520 ## - SUMMARY, ETC. | |
| Summary, etc. | This key text focuses on international business and, in particular, the impact of foreign market pressures on corporate strategy. Preface, Introduction, Competitive and Comparative Business Strategy, The Enterprise System, Generic Strategies, Doing a Strategic Analysis, International Business Strategy, What Do we Mean by Cooperative Advantage, Effective Organization, The Missing Link in the Solutions Business: Managing Flows Through Business Systems, Adjusting to Environmental Pressures, Global Corporate Policies, A Framework for Environmental Analysis, The Macroeconomic Environment, The political Environment, Understanding an Economy, Appendices, Doing Business in Turbulent Environments, Crisis Management, Turnaround Management is not Rambo Management, Managing in Turbulent Environments, Inflation's Impact on Financial Policies, Devaluation's Impact on the Strategic Posture, Conclusive Remarks, Bibliography, Index. |
| 700 1# - ΠΡΟΣΘΕΤΗ ΑΝΑΓΡΑΦΗ--ΦΥΣΙΚΟ ΠΡΟΣΩΠΟ | |
| Personal name | Ketelhohn Werner |
| 9 (RLIN) | 4222 |
| 942 ## - ADDED ENTRY ELEMENTS (KOHA) | |
| Koha item type | Books |
| Τύπος τεκμηρίου | Βιβλιοθήκη | Τρέχουσα τοποθεσία | Barcode | Αριθμός εισαγωγής | Ημερομηνία απόκτησης | Ταξιθετικό σύμβολο | Αριθμός αντιτύπου | Κατάσταση απόσυρσης | Κατάσταση χαμένου | Κατάσταση κατεστραμμένου | Μη δανεισμός | Σύνολο δανεισμών | Ημερομηνία τελευταίας εμφάνισης | Η τιμή ισχύει από |
|---|---|---|---|---|---|---|---|---|---|---|---|---|---|---|
| Books | MC Athens Campus Library | MC Athens Campus Library | 9780000033208 | 1692 | 05/06/2025 | 658.4 KET | 2 | 05/06/2025 | 05/06/2025 |